| 000 | 01214nam a22003017a 4500 | ||
|---|---|---|---|
| 005 | 20240530110918.0 | ||
| 008 | 220221s2007 ua a g b 000 0 ara d | ||
| 020 | _a9789953821399 | ||
| 040 |
_aEG-CaGPL _cEG-CaGPL |
||
| 082 | 0 | 4 |
_221 _a341.5 / _bا ج |
| 100 | 0 | _aانيس فوزى قاسم | |
| 245 | 1 | 2 |
_aالجدار العازل الاسرائيلى : _bفتوى محكمة العدل الدولية دراسات ونصوص / _cانيس فوزى قاسم ؛ محرر انيس مصطفى القاسم |
| 250 | _aط.1 | ||
| 260 |
_aبيروت : _bمركز دراسات الوحدة العربية، _c2007 |
||
| 300 |
_a400 ص؛ _c24 سم |
||
| 650 | 0 | 7 |
_aمحكمة العدل الدولية _2qrmak |
| 650 | 0 | 7 |
_aالجدار العازل _2qrmak |
| 650 | 0 | 7 |
_aاليهود _2qrmak |
| 651 | 0 | 7 |
_2qrmak _aفلسطين |
| 700 |
_aجوش رويبنر _eمؤلف |
||
| 700 |
_aبيتر بيكر _eمؤلف |
||
| 700 |
_aعصام نعمة اسماعيل _eمؤلف |
||
| 700 |
_aبيتر لاغر كويست _e مؤلف |
||
| 700 |
_aعلى مقلد _eمؤلف |
||
| 700 |
_aانيس مصطفى القاسم _eمحرر |
||
| 942 |
_2ddc _cBK |
||
| 999 |
_c66425 _d66425 |
||